The return of the ayatollah (Record no. 82658)
[ view plain ]
| 000 -LEADER | |
|---|---|
| fixed length control field | 00411nam a22001457a 4500 |
| 005 - DATE AND TIME OF LATEST TRANSACTION | |
| control field | 20160208120931.0 |
| 008 - FIXED-LENGTH DATA ELEMENTS--GENERAL INFORMATION | |
| fixed length control field | 160208b xxu||||| |||| 00| 0 eng d |
| 040 ## - CATALOGING SOURCE | |
| Transcribing agency | PK-LaUMT |
| 082 ## - DEWEY DECIMAL CLASSIFICATION NUMBER | |
| Classification number | AMC 955.053 |
| Item number | HEI-R |
| 100 ## - MAIN ENTRY--PERSONAL NAME | |
| Personal name | Heikal , Muhammad |
| 245 ## - TITLE STATEMENT | |
| Title | The return of the ayatollah |
| Remainder of title | the iranian revolution from mossadeq to khomeini |
| Statement of responsibility, etc | Muhammad Heikal |
| 260 ## - PUBLICATION, DISTRIBUTION, ETC. (IMPRINT) | |
| Place of publication, distribution, etc | [ ] |
| Name of publisher, distributor, etc | [ ] |
| Date of publication, distribution, etc | [ ] |
| 300 ## - PHYSICAL DESCRIPTION | |
| Extent | [ ] |
| 942 ## - ADDED ENTRY ELEMENTS (KOHA) | |
| Koha item type | Books |
| Withdrawn status | Lost status | Damaged status | Home library | Current library | Date acquired | Full call number | Barcode | Date last seen | Price effective from | Koha item type |
|---|---|---|---|---|---|---|---|---|---|---|
| UMT Main Campus | UMT Main Campus | 2016-02-08 | AMC 955.053 HEI-R | 85472 | 2020-10-03 | 2016-02-08 | Books |
